Agro's colour atlas of medicinal plants / (Record no. 37455)
[ view plain ]
| 000 -LEADER | |
|---|---|
| fixed length control field | 00670nam a22002177a 4500 |
| 001 - CONTROL NUMBER | |
| control field | 37455 |
| 003 - CONTROL NUMBER IDENTIFIER | |
| rucl marc code | BD-RjUL |
| 005 - DATE AND TIME OF LATEST TRANSACTION | |
| control field | 20211209052618.0 |
| 008 - FIXED-LENGTH DATA ELEMENTS--GENERAL INFORMATION | |
| fixed length control field | 150120r20042003ii a|||| |||| 00| 0 eng d |
| 020 ## - INTERNATIONAL STANDARD BOOK NUMBER | |
| International Standard Book Number | 8177541722 |
| 035 ## - SYSTEM CONTROL NUMBER | |
| System control number | (BD-RjUL)37559 |
| 040 ## - CATALOGING SOURCE | |
| Original cataloging agency | BD-RjUL |
| Language of cataloging | eng |
| Transcribing agency | BD-RjUL |
| 041 ## - LANGUAGE CODE | |
| Language code of text/sound track or separate title | eng |
| 082 ## - DEWEY DECIMAL CLASSIFICATION NUMBER | |
| Classification number | 633.880954 |
| Edition number | 22 |
| Author mark and year | PRA 2004 |
| 245 ## - TITLE STATEMENT | |
| Title | Agro's colour atlas of medicinal plants / |
| Statement of responsibility, etc. | Narayan Das Prajapati, S.S. Purohit. |
| 260 ## - PUBLICATION, DISTRIBUTION, ETC. (IMPRINT) | |
| Place of publication, distribution, etc. | Jodhpur : |
| Name of publisher, distributor, etc. | Agrobios (India), |
| Date of publication, distribution, etc. | 2003 [reprint 2004]. |
| 300 ## - PHYSICAL DESCRIPTION | |
| Pagination | xvi, 3, [272] p. : |
| Illustrations | col. ill. ; |
| Size | 26 cm. |
| 650 ## - SUBJECT ADDED ENTRY--TOPICAL TERM | |
| Topical term or geographic name as entry element | Medicinal plants |
| Geographic subdivision | India. |
| 9 (RLIN) | 115017 |
| 700 ## - ADDED ENTRY--PERSONAL NAME | |
| Personal name | Purohit, S.S. |
| 942 ## - ADDED ENTRY ELEMENTS (KOHA) | |
| Source of classification or shelving scheme | Dewey Decimal Classification |
| Koha item type | Books |
| Lost status | Source of classification or shelving scheme | Damaged status | Not for loan | Collection code | Permanent Location | Current Location | Shelving location | Date acquired | Source of acquisition | Cost, normal purchase price | Total Checkouts | Full call number | Date last seen | Copy number | Koha item type |
|---|---|---|---|---|---|---|---|---|---|---|---|---|---|---|---|
| Dewey Decimal Classification | Not For Loan | Non-fiction | Institute of Biological Sciences (IBSc) Library | Institute of Biological Sciences (IBSc) Library | 20/01/2015 | Karim International | 3030.00 | 633.880954 PRA 2004 | 20/01/2015 | C-1 | Books |